00656nam a2200193Ia 4500008004100000082001600041100002400057245003700081250000800118260003000126300001100156500002400167650001200191700002300203942000700226952010600233952010600339999001700445230524s9999 xx 000 0 und d a537.32bCOL aJean-Pierre Colinge 0aPhysics of Semiconductor Devices aIST aNEW DELHIbSpringerc2006 aIX;431 aQuantity Number: 2 aPhysics a Cynthia A.Colinge cBK 00104070aTATCLbTATCLcGENd2023-05-24l0o537.32 COLp30266r2023-05-24w2023-05-24yBKzBSCP2203 00104070aTATCLbTATCLcGENd2023-05-24l0o537.32 COLp30267r2023-05-24w2023-05-24yBKzBSCP2203 c42976d42976